| 000 | 00347nam a2200121Ia 4500 | ||
|---|---|---|---|
| 008 | 210430s9999 xx 000 0 und d | ||
| 082 | _a547 S6297 G | ||
| 100 | _aPeter Sykes | ||
| 245 | 2 |
_aA Guide book to Mechanism in Organic Chemistry _cPeter Sykes |
|
| 260 |
_aIslamabad _bNational Book Foundation _c1985 |
||
| 300 | _a416p | ||
| 942 |
_cBK _2ddc |
||
| 999 |
_c561439 _d561439 |
||